| 000 | 00648nam a2200193 i 4500 | ||
|---|---|---|---|
| 001 | 32218 | ||
| 003 | ES-MaACL | ||
| 005 | 20230906154532.0 | ||
| 007 | t| | ||
| 008 | 030130s1963 sp ||||1| spa d | ||
| 100 | 1 |
_aBernatzik, Hugo Adolf. _928305 |
|
| 245 | 1 | 0 |
_aGari-Gari _b: vida y costumbres de los negros del Alto Nilo / _cHugo Adolf Bernatzik ; versión por Francisco Payarols. |
| 260 |
_aBarcelona : _bLabor, _c[1963] |
||
| 300 |
_a216 p., 36 lám. ; _c20 cm. |
||
| 651 | 4 |
_aSudán- _xDescripción. _99414 |
|
| 651 | 4 |
_aSudán- _xUsos y costumbres. _9169052 |
|
| 700 | 1 |
_aPayarols, Francisco. _989715 |
|
| 852 |
_aES-MaACL _jC-50920 _bR.72640 |
||
| 999 |
_c32218 _d32218 |
||